Geometry Dash - Most Downloaded Medium Levels - Statistics

General Stats
  • This quiz has been taken 21 times
    11 since last reset
  • The average score is 5 of 20
Answer Stats
Publisher Difficulty Answer Downloads % Correct
Diamond Extreme Demon Sakupen Circles 10,300,000
80%
TrusTa Extreme Demon Sakupen Hell 27,000,000
80%
bli Normal boo 7,100,000
40%
Michigun Insane The Triple Trial 11,500,000
40%
jackaezie Insane YOUVE BEEN TROLLED 26,100,000
40%
kingrob Harder BOSS FIGHT 8,500,000
20%
Xx Auto cycles AUTO 5,900,000
20%
iIsane Easy Demon Error 6,000,000
20%
Jeyzor Hard GoldenClub 26,800,000
20%
DHaner Easy Demon Hold On 7,300,000
20%
iIFrostIi Easy Demon Lust 6,000,000
20%
N1XO Medium Demon Paracosm Circles 8,700,000
20%
cerufiffy Easy Demon phjork 11,900,000
20%
disp Easy Demon Star Chaser 10,300,000
20%
Player Easy 1 8,400,000
0%
Ninjawolf4488 Normal Afraid of the Dark 5,800,000
0%
DHaner Easy Cloudy 6,200,000
0%
Roli GD Hard Edification 12,000,000
0%
B44x Easy flappy emerald 5,500,000
0%
Skitten Normal Reflected 11,700,000
0%
No matching quizzes found
Score Distribution
Percent of People with Each Score
Percentile by Number Answered
Your Score History
You have not taken this quiz since the last reset